Idioms in Newspaper Articles Focusing on Macroeconomic News

Definovanie a opis vlastností idiómov. Štrukturálna aj sémantická analýza sa sústreďuje na idiomatické výrazy vyňaté z amerických a britských žurnalistických textov zaoberajúcich sa makroekonomickými otázkami.

Na minha lista:
Detalhes bibliográficos
Autor principal: Maierová, Eva, 1965-
Formato: Capítulo de Livro
Idioma:inglês
Assuntos:
Tags: Adicionar Tag
Sem tags, seja o primeiro a adicionar uma tag!

MARC

LEADER 00000naa$a2200000$$$4500
001 0267813
005 20240502074212.1
041 0 |a eng 
044 |a SK 
245 1 0 |a Idioms in Newspaper Articles Focusing on Macroeconomic News  |c Eva Maierová 
520 |a Definovanie a opis vlastností idiómov. Štrukturálna aj sémantická analýza sa sústreďuje na idiomatické výrazy vyňaté z amerických a britských žurnalistických textov zaoberajúcich sa makroekonomickými otázkami. 
610 2 0 |a makroekonomika 
610 2 0 |a sémantika 
610 2 0 |a analýza štruktúrna 
610 2 0 |a jazykoveda 
610 2 0 |a jazyky cudzie 
100 1 |a Maierová, Eva, 1965-